000 00692nam a22001935i 4500
001 154820
003 ES-MaACL
005 20230906205850.0
008 040712s1900 fr |||| | fre d
040 _aCAM
_bspa
_cCAM
100 1 _aGuadalupe, I.
_9127584
245 1 0 _aGrammaire espagnole /
_cpar I. Guadalupe; ouvrage accompagné d'un lexique.
250 _a2e éd. revue et augm.
260 _aParis :
_bMasson et c\pie\s éditeurs,
_c1900 (
_fL. Maretheux imprimeur)
300 _aXVII, 284, 24 p. ;
_c19 cm.
597 _aLas 24 p. corresponde a un extracto del catálogo editorial.
650 4 _aLengua española-
_xGramática.
_914161
852 _aES-MaACL
_jB-4273
_z-- Enc. tela
999 _c154820
_d154820